Kto kontrolował te kolonie? - Statystyki

Ogólne statystyki
  • Ten quiz został rozwiązany 81 razy
  • Średni wynik to 16 z 22
Statystyki odpowiedzi
Kolonia Lata Posiadanie ... % Poprawnych
Brazylia 1532–1825 Portugalia
100%
Alaska 1784–1867 Rosja
93%
Hongkong 1842–1997 Wielka Brytania
90%
Korea 1910–1945 Japonia
89%
Demokratyczna Republika Konga 1908–1960 Belgia
88%
Islandia 1380–1944 Dania
85%
Gwatemala 1609–1821 Hiszpania
82%
Haiti 1697–1804 Francja
79%
_____ Indie Wschodnie 1603–1949 Holandia
78%
Filipiny 1565–1898 Hiszpania
77%
Nowa Południowa Walia 1788–1901 Wielka Brytania
77%
Surinam 1667–1975 Holandia
75%
Libia 1912–1947 Włochy
75%
Kamerun 1884–1919 Niemcy
74%
Filipiny 1898–1946 Stany Zjednoczone
74%
Wirginia 1607–1776 Wielka Brytania
74%
Makau 1557–1999 Portugalia
67%
Guam 1898– Stany Zjednoczone
64%
Rodezja Południowa 1889–1953 Wielka Brytania
60%
Akadia 1604–1713 Francja
25%
Kartagina 814–650 p.n.e. Fenicja
22%
Saint Barthélemy 1784–1878 Szwecja
7%
Nie znaleziono quizów pasujących do podanych kryteriów
Rozkład punktacji
Procent ludzi z każdym wynikiem
Percentyl według liczby udzielonych odpowiedzi
Twoja historia wyników
Nie rozwiązałeś tego quizu